<?xml version="1.0" encoding="UTF-8"?>
<record
    xmlns:xsi="http://www.w3.org/2001/XMLSchema-instance"
    xsi:schemaLocation="http://www.loc.gov/MARC21/slim http://www.loc.gov/standards/marcxml/schema/MARC21slim.xsd"
    xmlns="http://www.loc.gov/MARC21/slim">

  <leader>03719nas a22003137a 4500</leader>
  <controlfield tag="003">NALT</controlfield>
  <controlfield tag="005">20231220153824.0</controlfield>
  <controlfield tag="006">a|||p|r|||| 00| 0 </controlfield>
  <controlfield tag="007">ta</controlfield>
  <controlfield tag="008">231220b        th |||p| |||| 00| 0 tha d</controlfield>
  <datafield tag="040" ind1=" " ind2=" ">
    <subfield code="a">NALT</subfield>
  </datafield>
  <datafield tag="041" ind1=" " ind2=" ">
    <subfield code="a">tha</subfield>
  </datafield>
  <datafield tag="245" ind1="0" ind2="0">
    <subfield code="a">&#xE08;&#xE38;&#xE2C;&#xE32;&#xE25;&#xE07;&#xE01;&#xE23;&#xE13;&#xE4C; &#xE23;&#xE35;&#xE27;&#xE34;&#xE27; &#xE1B;&#xE35;&#xE17;&#xE35;&#xE48; 19-20 &#xE09;&#xE1A;&#xE31;&#xE1A;&#xE17;&#xE35;&#xE48; 75-77 (&#xE40;&#xE21;.&#xE22;.-&#xE18;.&#xE04;. 2550)</subfield>
  </datafield>
  <datafield tag="260" ind1=" " ind2=" ">
    <subfield code="a">&#xE42;&#xE23;&#xE07;&#xE1E;&#xE34;&#xE21;&#xE1E;&#xE4C;&#xE41;&#xE2B;&#xE48;&#xE07;&#xE08;&#xE38;&#xE2C;&#xE32;&#xE25;&#xE07;&#xE01;&#xE23;&#xE13;&#xE4C;&#xE21;&#xE2B;&#xE32;&#xE27;&#xE34;&#xE17;&#xE22;&#xE32;&#xE25;&#xE31;&#xE22;</subfield>
  </datafield>
  <datafield tag="310" ind1=" " ind2=" ">
    <subfield code="a">&#xE23;&#xE32;&#xE22; 3 &#xE40;&#xE14;&#xE37;&#xE2D;&#xE19;</subfield>
  </datafield>
  <datafield tag="500" ind1=" " ind2=" ">
    <subfield code="a">&#xE27;&#xE32;&#xE23;&#xE2A;&#xE32;&#xE23;&#xE40;&#xE22;&#xE47;&#xE1A;&#xE40;&#xE25;&#xE48;&#xE21;</subfield>
  </datafield>
  <datafield tag="505" ind1="2" ind2=" ">
    <subfield code="a">&#xE1B;&#xE35;&#xE17;&#xE35;&#xE48; 19 &#xE09;&#xE1A;&#xE31;&#xE1A;&#xE17;&#xE35;&#xE48; 75 &#xE40;&#xE21;.&#xE22;.-&#xE21;&#xE34;.&#xE22;. 2550 -- &#xE27;&#xE31;&#xE12;&#xE19;&#xE18;&#xE23;&#xE23;&#xE21;&#xE2D;&#xE07;&#xE04;&#xE4C;&#xE01;&#xE32;&#xE23;&#xE17;&#xE35;&#xE48;&#xE2A;&#xE48;&#xE07;&#xE1C;&#xE25;&#xE15;&#xE48;&#xE2D;&#xE04;&#xE27;&#xE32;&#xE21;&#xE2A;&#xE33;&#xE40;&#xE23;&#xE47;&#xE08;&#xE43;&#xE19;&#xE01;&#xE32;&#xE23;&#xE08;&#xE31;&#xE14;&#xE01;&#xE32;&#xE23;&#xE04;&#xE27;&#xE32;&#xE21;&#xE23;&#xE39;&#xE49;&#xE41;&#xE25;&#xE30; The Competing Values
Framework (CVF) -- Roadmapping : A New Management Took for Technology-driven Organizations -- &#xE19;&#xE42;&#xE22;&#xE1A;&#xE32;&#xE22;&#xE01;&#xE32;&#xE23;&#xE2A;&#xE48;&#xE07;&#xE40;&#xE2A;&#xE23;&#xE34;&#xE21;
&#xE27;&#xE34;&#xE2A;&#xE32;&#xE2B;&#xE01;&#xE34;&#xE08;&#xE02;&#xE19;&#xE32;&#xE14;&#xE01;&#xE25;&#xE32;&#xE07;&#xE41;&#xE25;&#xE30;&#xE02;&#xE19;&#xE32;&#xE14;&#xE22;&#xE48;&#xE2D;&#xE21;&#xE02;&#xE2D;&#xE07;&#xE44;&#xE17;&#xE22;&#xE01;&#xE31;&#xE1A;&#xE04;&#xE27;&#xE32;&#xE21;&#xE17;&#xE49;&#xE32;&#xE17;&#xE32;&#xE22;&#xE43;&#xE19;&#xE2D;&#xE19;&#xE32;&#xE04;&#xE15; -- &#xE42;&#xE04;&#xE23;&#xE07;&#xE2A;&#xE23;&#xE49;&#xE32;&#xE07;&#xE15;&#xE49;&#xE19;&#xE17;&#xE38;&#xE19;&#xE14;&#xE49;&#xE32;&#xE19;&#xE42;&#xE25;&#xE08;&#xE34;&#xE2A;&#xE15;&#xE34;&#xE01;&#xE2A;&#xE4C;&#xE02;&#xE2D;&#xE07;&#xE01;&#xE32;&#xE23;&#xE19;&#xE33;&#xE40;&#xE02;&#xE49;&#xE32;&#xE41;&#xE25;&#xE30;&#xE2A;&#xE48;&#xE07;&#xE2D;&#xE2D;&#xE01;
&#xE2A;&#xE34;&#xE19;&#xE04;&#xE49;&#xE32;&#xE14;&#xE49;&#xE27;&#xE22;&#xE04;&#xE2D;&#xE19;&#xE40;&#xE17;&#xE19;&#xE40;&#xE19;&#xE2D;&#xE23;&#xE4C;.</subfield>
  </datafield>
  <datafield tag="505" ind1="2" ind2=" ">
    <subfield code="a">&#xE1B;&#xE35;&#xE17;&#xE35;&#xE48; 19 &#xE09;&#xE1A;&#xE31;&#xE1A;&#xE17;&#xE35;&#xE48; 76 &#xE01;.&#xE04;.-&#xE01;.&#xE22;. 2550 -- &#xE01;&#xE32;&#xE23;&#xE40;&#xE1E;&#xE34;&#xE48;&#xE21;&#xE28;&#xE31;&#xE01;&#xE22;&#xE20;&#xE32;&#xE1E;&#xE1A;&#xE23;&#xE34;&#xE40;&#xE27;&#xE13;&#xE17;&#xE48;&#xE32;&#xE40;&#xE23;&#xE37;&#xE2D;&#xE41;&#xE2B;&#xE25;&#xE21;&#xE09;&#xE1A;&#xE31;&#xE07;&#xE42;&#xE14;&#xE22;&#xE01;&#xE32;&#xE23;&#xE02;&#xE19;&#xE2A;&#xE48;&#xE07;&#xE2A;&#xE34;&#xE19;&#xE04;&#xE49;&#xE32;&#xE17;&#xE32;&#xE07;&#xE23;&#xE30;&#xE1A;&#xE1A;&#xE23;&#xE32;&#xE07; -- &#xE23;&#xE39;&#xE1B;&#xE41;&#xE1A;&#xE1A; Bananced
Scorecard &#xE2A;&#xE33;&#xE2B;&#xE23;&#xE31;&#xE1A;&#xE2B;&#xE19;&#xE48;&#xE27;&#xE22;&#xE07;&#xE32;&#xE19;&#xE02;&#xE2D;&#xE07;&#xE23;&#xE31;&#xE10;&#xE41;&#xE25;&#xE30;&#xE40;&#xE2D;&#xE01;&#xE0A;&#xE19; -- &#xE01;&#xE32;&#xE23;&#xE41;&#xE2A;&#xE27;&#xE07;&#xE2B;&#xE32;&#xE2A;&#xE32;&#xE23;&#xE2A;&#xE19;&#xE40;&#xE17;&#xE28;&#xE41;&#xE25;&#xE30;&#xE17;&#xE31;&#xE01;&#xE29;&#xE30;&#xE01;&#xE32;&#xE23;&#xE41;&#xE01;&#xE49;&#xE1B;&#xE31;&#xE0D;&#xE2B;&#xE32;&#xE02;&#xE2D;&#xE07;&#xE19;&#xE31;&#xE01;&#xE27;&#xE34;&#xE40;&#xE04;&#xE23;&#xE32;&#xE30;&#xE2B;&#xE4C;&#xE2B;&#xE25;&#xE31;&#xE01;&#xE17;&#xE23;&#xE31;&#xE1E;&#xE22;&#xE4C; --
&#xE01;&#xE32;&#xE23;&#xE28;&#xE36;&#xE01;&#xE32;&#xE32;&#xE01;&#xE32;&#xE23;&#xE1B;&#xE23;&#xE30;&#xE40;&#xE21;&#xE34;&#xE19;&#xE01;&#xE32;&#xE23;&#xE04;&#xE27;&#xE1A;&#xE04;&#xE38;&#xE21;&#xE14;&#xE49;&#xE27;&#xE22;&#xE15;&#xE19;&#xE40;&#xE2D;&#xE07;&#xE14;&#xE49;&#xE32;&#xE19;&#xE40;&#xE17;&#xE04;&#xE42;&#xE19;&#xE42;&#xE25;&#xE22;&#xE35;&#xE2A;&#xE32;&#xE23;&#xE2A;&#xE19;&#xE40;&#xE17;&#xE28; &#xE23;&#xE30;&#xE14;&#xE31;&#xE1A;&#xE2D;&#xE38;&#xE14;&#xE21;&#xE28;&#xE36;&#xE01;&#xE29;&#xE32; -- &#xE04;&#xE34;&#xE14;&#xE01;&#xE48;&#xE2D;&#xE19;&#xE04;&#xE34;&#xE14; &#xE01;&#xE23;&#xE30;&#xE1A;&#xE27;&#xE19;&#xE01;&#xE32;&#xE23;&#xE40;&#xE2A;&#xE23;&#xE34;&#xE21;&#xE2A;&#xE23;&#xE49;&#xE32;&#xE07;&#xE01;&#xE32;&#xE23;&#xE40;&#xE23;&#xE35;&#xE22;&#xE19;&#xE23;&#xE39;&#xE49;
&#xE41;&#xE25;&#xE30;&#xE04;&#xE27;&#xE32;&#xE21;&#xE04;&#xE34;&#xE14;&#xE2A;&#xE23;&#xE49;&#xE32;&#xE07;&#xE2A;&#xE23;&#xE23;&#xE04;&#xE4C;.</subfield>
  </datafield>
  <datafield tag="505" ind1="2" ind2=" ">
    <subfield code="a">&#xE1B;&#xE35;&#xE17;&#xE35;&#xE48; 20 &#xE09;&#xE1A;&#xE31;&#xE1A;&#xE17;&#xE35;&#xE48; 77 &#xE15;.&#xE04;.-&#xE18;.&#xE04;. 2550 -- &#xE01;&#xE32;&#xE23;&#xE40;&#xE1B;&#xE25;&#xE35;&#xE48;&#xE22;&#xE19;&#xE01;&#xE25;&#xE22;&#xE38;&#xE17;&#xE18;&#xE4C;&#xE41;&#xE25;&#xE30;&#xE01;&#xE32;&#xE23;&#xE19;&#xE33;&#xE01;&#xE25;&#xE22;&#xE38;&#xE17;&#xE18;&#xE4C;&#xE44;&#xE1B;&#xE1B;&#xE0F;&#xE34;&#xE1A;&#xE31;&#xE15;&#xE34;: &#xE41;&#xE19;&#xE27;&#xE04;&#xE34;&#xE14;&#xE2A;&#xE33;&#xE2B;&#xE23;&#xE31;&#xE1A;&#xE1C;&#xE39;&#xE49;&#xE1A;&#xE23;&#xE34;&#xE2B;&#xE32;&#xE23; -- &#xE19;&#xE27;&#xE31;&#xE15;&#xE01;&#xE23;&#xE23;&#xE21;: &#xE41;&#xE19;&#xE27;&#xE17;&#xE32;&#xE07;
&#xE2A;&#xE39;&#xE48;&#xE01;&#xE23;&#xE30;&#xE1A;&#xE27;&#xE19;&#xE01;&#xE32;&#xE23;&#xE41;&#xE01;&#xE49;&#xE1B;&#xE31;&#xE0D;&#xE2B;&#xE32; -- &#xE40;&#xE21;&#xE37;&#xE2D;&#xE07;&#xE17;&#xE48;&#xE32;&#xE2D;&#xE32;&#xE01;&#xE32;&#xE28;&#xE22;&#xE32;&#xE19; &#xE2A;&#xE38;&#xE27;&#xE23;&#xE23;&#xE13;&#xE20;&#xE39;&#xE21;&#xE34;-&#xE2D;&#xE34;&#xE19;&#xE0A;&#xE2D;&#xE19;: &#xE2A;&#xE2D;&#xE07;&#xE40;&#xE21;&#xE37;&#xE2D;&#xE07;&#xE2B;&#xE19;&#xE36;&#xE48;&#xE07;&#xE23;&#xE30;&#xE1A;&#xE1A; -- &#xE01;&#xE32;&#xE23;&#xE43;&#xE2B;&#xE49;&#xE23;&#xE32;&#xE07;&#xE27;&#xE31;&#xE25;&#xE41;&#xE25;&#xE30;&#xE01;&#xE23;&#xE30;&#xE1A;&#xE27;&#xE19;&#xE01;&#xE32;&#xE23;&#xE01;&#xE25;&#xE48;&#xE2D;&#xE21;&#xE40;&#xE01;&#xE25;&#xE32;
&#xE02;&#xE2D;&#xE07;&#xE2D;&#xE07;&#xE04;&#xE4C;&#xE01;&#xE32;&#xE23;&#xE2A;&#xE39;&#xE48;&#xE01;&#xE32;&#xE23;&#xE21;&#xE35;&#xE1E;&#xE19;&#xE31;&#xE01;&#xE07;&#xE32;&#xE19;&#xE17;&#xE35;&#xE48;&#xE1E;&#xE36;&#xE07;&#xE1B;&#xE23;&#xE30;&#xE2A;&#xE07;&#xE04;&#xE4C; -- Trust: The Unforgettable Market Tool.
</subfield>
  </datafield>
  <datafield tag="650" ind1=" " ind2="0">
    <subfield code="9">19739</subfield>
    <subfield code="a">&#xE01;&#xE32;&#xE23;&#xE02;&#xE19;&#xE2A;&#xE48;&#xE07;&#xE2A;&#xE34;&#xE19;&#xE04;&#xE49;&#xE32;</subfield>
  </datafield>
  <datafield tag="650" ind1=" " ind2="0">
    <subfield code="9">43623</subfield>
    <subfield code="a">&#xE19;&#xE27;&#xE31;&#xE15;&#xE01;&#xE23;&#xE23;&#xE21;</subfield>
  </datafield>
  <datafield tag="850" ind1=" " ind2=" ">
    <subfield code="a">NALT</subfield>
  </datafield>
  <datafield tag="866" ind1=" " ind2=" ">
    <subfield code="a">&#xE1B;&#xE35;&#xE17;&#xE35;&#xE48; 19 &#xE09;&#xE1A;&#xE31;&#xE1A;&#xE17;&#xE35;&#xE48; 75 (&#xE40;&#xE21;.&#xE22;.-&#xE21;&#xE34;.&#xE22;. 2550)</subfield>
  </datafield>
  <datafield tag="866" ind1=" " ind2=" ">
    <subfield code="a">&#xE1B;&#xE35;&#xE17;&#xE35;&#xE48; 19 &#xE09;&#xE1A;&#xE31;&#xE1A;&#xE17;&#xE35;&#xE48; 76 (&#xE01;.&#xE04;.-&#xE01;.&#xE22;. 2550)</subfield>
  </datafield>
  <datafield tag="866" ind1=" " ind2=" ">
    <subfield code="a">&#xE1B;&#xE35;&#xE17;&#xE35;&#xE48; 20 &#xE09;&#xE1A;&#xE31;&#xE1A;&#xE17;&#xE35;&#xE48; 77 (&#xE15;.&#xE04;.-&#xE18;.&#xE04;. 2550)</subfield>
  </datafield>
  <datafield tag="942" ind1=" " ind2=" ">
    <subfield code="c">BOUND</subfield>
  </datafield>
  <datafield tag="996" ind1=" " ind2=" ">
    <subfield code="a">aroonthip.c</subfield>
    <subfield code="b">LIBSTF</subfield>
    <subfield code="c">2023-12-20</subfield>
  </datafield>
  <datafield tag="999" ind1=" " ind2=" ">
    <subfield code="c">104046</subfield>
    <subfield code="d">104046</subfield>
  </datafield>
  <datafield tag="998" ind1=" " ind2=" ">
    <subfield code="h">179</subfield>
    <subfield code="j">179</subfield>
    <subfield code="k"> &#xE19;&#xE32;&#xE07;&#xE2A;&#xE32;&#xE27;&#xE2D;&#xE23;&#xE38;&#xE13;&#xE17;&#xE34;&#xE1E;&#xE22;&#xE4C;  &#xE08;&#xE31;&#xE19;&#xE17;&#xE23;&#xE4C;&#xE14;&#xE34;&#xE29;&#xE10;&#xE4C;</subfield>
  </datafield>
  <datafield tag="952" ind1=" " ind2=" ">
    <subfield code="0">0</subfield>
    <subfield code="1">0</subfield>
    <subfield code="2">lcc</subfield>
    <subfield code="4">0</subfield>
    <subfield code="7">0</subfield>
    <subfield code="8">CPERBD</subfield>
    <subfield code="a">NALT</subfield>
    <subfield code="b">NALT</subfield>
    <subfield code="c">JNR</subfield>
    <subfield code="d">2024-01-03</subfield>
    <subfield code="l">0</subfield>
    <subfield code="p">2900008435</subfield>
    <subfield code="r">2024-01-03 00:00:00</subfield>
    <subfield code="w">2024-01-03</subfield>
    <subfield code="y">BOUND</subfield>
  </datafield>
</record>
